[Event "36th Zalakaros Open 2017"]
[Site "Zalakaros HUN"]
[Date "2017.05.24"]
[Round "7.13"]
[White "Mihok,O"]
[Black "Saptarshi,R"]
[Result "1-0"]
[WhiteElo "2532"]
[BlackElo "2407"]

1.d4 d5 2.Nc3 Nc6 3.e4 e5 4.dxe5 d4 5.Nd5 Be6 6.Nf4 Qd7 7.Nf3 Bg4 8.Bb5 Bb4+
9.Bd2 Bxd2+ 10.Qxd2 Bxf3 11.gxf3 Nge7 12.O-O-O O-O-O 13.Ba4 Kb8 14.Nd3 Qh3
15.f4 Qf3 16.Rde1 b6 17.Rhg1 g6 18.Rg3 Qh5 19.h3 Rhf8 20.Kb1 Qh6 21.Re2 f5
22.exf6 Rxf6 23.Qe1 Qf8 24.Qh1 Na5 25.f5 gxf5 26.e5 Re6 27.Nf4 Rh6 28.e6 c6
29.Nd3 Nd5 30.Ne5 Rxe6 31.Nd7+ Rxd7 32.Rxe6 Nc3+ 33.bxc3 dxc3 34.Bb3 Nc4
35.Rxc3 Na3+ 36.Kb2 Nb5 37.Rexc6 Qa3+ 38.Kb1 Nxc3+ 39.Rxc3 a5 40.Qh2+ Kb7
41.Bd5+ {#r} 1-0

[Event "36th Zalakaros Open 2017"]
[Site "Zalakaros HUN"]
[Date "2017.05.26"]
[Round "9.52"]
[White "Terbe,J"]
[Black "Hradeczky,T"]
[Result "1-0"]
[WhiteElo "2258"]
[BlackElo "2146"]

1.e4 d6 2.d4 Nd7 3.Nf3 Ngf6 4.e5 Nd5 5.c4 N5b6 6.Nc3 c6 7.Bf4 dxe5 8.dxe5 e6
9.Be2 Bb4 10.Qc2 h6 11.O-O Bxc3 12.Qxc3 Qe7 13.Nd2 O-O 14.Qg3 Kh8 15.Ne4 f5
16.exf6 Nxf6 17.Nxf6 Qxf6 18.Be5 Qg5 19.Qa3 Bd7 20.f4 Qg6 21.Rf3 Qf7 22.Rg3
Rg8 23.Bd3 Be8 24.Rg6 Qxg6 25.Bxg6 Bxg6 26.Qh3 Nxc4 27.Qxh6+ Bh7 28.Bc3 Rae8
29.Qh5 Ne3 30.Qf7 Nf5 31.g4 Nd6 32.Qd7 Nb5 33.Bxg7+ Rxg7 34.Qxe8+ Rg8 35.Qxe6
{#r} 1-0

[Event "Bodensee Open 2017"]
[Site "Bregenz AUT"]
[Date "2017.05.25"]
[Round "6.13"]
[White "Nickel,R"]
[Black "Rolle,E"]
[Result "1-0"]
[WhiteElo "2140"]
[BlackElo "2236"]

1.e4 d6 2.d4 Nf6 3.Nc3 Nbd7 4.g4 h6 5.Be3 e5 6.f3 c6 7.Qd2 Be7 8.O-O-O Qa5
9.Kb1 a6 10.h4 b5 11.Qg2 b4 12.Nce2 Nb6 13.Nc1 Na4 14.Bc4 d5 15.Bb3 dxe4
16.fxe4 Nxg4 17.Nf3 Bf6 18.Rhe1 Nxe3 19.Rxe3 exd4 20.e5 dxe3 21.exf6 gxf6
22.Qg7 Rf8 23.Qxf6 Bd7 24.Ne5 Nc5 25.Rxd7 Nxd7 26.Bxf7+ Rxf7 27.Qxf7+ Kd8
28.Qxd7# 1-0

[Event "TCh-FRA Top 12 2017"]
[Site "Chartres FRA"]
[Date "2017.05.23"]
[Round "6.3"]
[White "Naiditsch,A"]
[Black "Marcelin,C"]
[Result "1-0"]
[WhiteElo "2700"]
[BlackElo "2472"]

1.e4 d5 2.exd5 Qxd5 3.Nc3 Qd6 4.d4 c6 5.Nge2 Nf6 6.Bf4 Qd8 7.Ng3 Be6 8.Nce4
Nxe4 9.Nxe4 Bf5 10.f3 Qb6 11.c3 Nd7 12.Bc4 Nf6 13.Qe2 Bxe4 14.fxe4 e6 15.d5
cxd5 16.exd5 Bd6 17.Be3 Qc7 18.dxe6 fxe6 19.Bxe6 Kf8 20.O-O-O Re8 21.Bd4 Qe7
22.Rhe1 Bxh2 23.Qf2 {#r} 1-0

[Event "Deltalift Open 2017"]
[Site "Tylosand SWE"]
[Date "2017.05.25"]
[Round "2.13"]
[White "Ziegler,A"]
[Black "Nilsson,Roy M"]
[Result "1-0"]
[WhiteElo "2317"]
[BlackElo "2007"]

1.e4 d5 2.exd5 Qxd5 3.Nc3 Qd6 4.Nf3 c6 5.d4 Nf6 6.Be2 Bf5 7.Bg5 Nbd7 8.Bh4 e6
9.O-O Qc7 10.Re1 Bd6 11.Bg3 Bxg3 12.hxg3 O-O 13.Nh4 Bg6 14.Nxg6 hxg6 15.Qd2
Rfd8 16.Rad1 Nb6 17.Bf3 Rd7 18.Qc1 Rad8 19.Ne2 Nbd5 20.c3 b5 21.a3 a5 22.g4
Ne7 23.g3 Rb8 24.Kg2 b4 25.Rh1 bxa3 26.bxa3 Qb6 27.Qg5 Kf8 28.Rh8+ Neg8 29.a4
Ke7 30.Qe5 Qc7 31.Qc5+ Rd6 32.Re1 Nd7 33.Qg5+ Ndf6 34.Qd2 Kf8 35.g5 Nd7 36.Qf4
f5 37.gxf6 Nxf6 38.Qg5 Kf7 39.Nf4 Ne7 40.Rxb8 Qxb8 41.Nd3 Kg8 42.Qxa5 Ned5
43.Ne5 g5 44.c4 Ne7 45.Qc5 Qd8 46.Nxc6 Nxc6 47.Bxc6 Qc7 48.d5 exd5 49.cxd5
Nxd5 50.Bxd5+ {#r} 1-0

[Event "4th Gligoric Cup 2017"]
[Site "Novi Banovci SRB"]
[Date "2017.05.25"]
[Round "1.1"]
[White "Majstorovic,Stanko"]
[Black "Savic,Miod1"]
[Result "0-1"]
[WhiteElo "2149"]
[BlackElo "2512"]

1.e4 d5 2.exd5 Qxd5 3.Nc3 Qa5 4.d4 c6 5.Nf3 Nf6 6.Bd2 Bf5 7.Ne4 Qb6 8.Nxf6+
gxf6 9.Bc3 e6 10.Bd3 Bg6 11.Qd2 Bxd3 12.Qxd3 Qa6 13.Qe3 Nd7 14.Qe2 Qxe2+
15.Kxe2 Rg8 16.g3 O-O-O 17.Rhe1 Bd6 18.Rad1 h5 19.Kf1 Rg4 20.b3 Bc7 21.h3 Rgg8
22.Bb4 Rde8 23.c4 e5 24.Nh4 exd4 25.Nf5 c5 26.Ne7+ Rxe7 27.Rxe7 cxb4 28.Rxd4
Ne5 29.Rd5 Bd8 30.Rc5+ Kb8 31.Rcxe5 fxe5 32.Rxf7 h4 33.g4 a5 34.Kg2 e4 35.Kf1
a4 36.Ke2 Rg6 37.Rf8 Rd6 38.Re8 axb3 39.axb3 Rd3 40.g5 Kc7 41.g6 Bf6 42.Rxe4
Rxh3 43.Re7+ Kd6 44.Rf7 Ke6 45.Rxb7 Rxb3 46.g7 Bxg7 47.Rxg7 Rc3 48.Rg4 h3
49.c5 b3 50.Rb4 h2 51.Rh4 b2 {#R} 0-1

[Event "4th Gligoric Cup 2017"]
[Site "Novi Banovci SRB"]
[Date "2017.05.27"]
[Round "3.5"]
[White "Majstorovic,Stanko"]
[Black "Matovic,P"]
[Result "0-1"]
[WhiteElo "2149"]
[BlackElo "2182"]

1.e4 d5 2.exd5 Qxd5 3.Nc3 Qa5 4.d4 c6 5.Nf3 Bg4 6.h3 Bh5 7.Bc4 e6 8.Bd2 Qd8
9.g4 Bg6 10.Qe2 Be7 11.O-O-O Nd7 12.h4 h5 13.g5 Qc7 14.Rde1 O-O-O 15.Rhf1 Bd6
16.Ne4 Bf4 17.Kb1 Ne7 18.Bb4 Nd5 19.Ba3 Bf5 20.Ned2 Bd6 21.Bxd6 Qxd6 22.Ne4
Qf4 23.Ned2 Rhf8 24.Bxd5 cxd5 25.Qe3 Qc7 26.b3 Qxc2+ 27.Ka1 Kb8 28.Rc1 Qd3
29.Qf4+ Ka8 30.Rc7 Qa6 31.Rfc1 Qb6 32.Ne5 Nxe5 33.Qxe5 f6 34.Qe3 fxg5 35.Nf3
a6 36.Ne5 Qb5 37.a4 Qb4 38.Kb2 gxh4 39.Rxg7 Rc8 40.Rgc7 Rxc7 41.Rxc7 h3 42.f3
Rg8 43.Nd3 Bxd3 44.Qxd3 h2 45.Rc1 Rg2+ 46.Kb1 Qa3 {#R} 0-1

[Event "4th Gligoric Cup 2017"]
[Site "Novi Banovci SRB"]
[Date "2017.05.27"]
[Round "4.4"]
[White "Klasan,V"]
[Black "Savic,Miod1"]
[Result "0-1"]
[WhiteElo "2378"]
[BlackElo "2512"]

1.e4 d5 2.exd5 Qxd5 3.Nc3 Qa5 4.d4 c6 5.Nf3 Nf6 6.Bd3 Bg4 7.h3 Qh5 8.Be2 e6
9.Ng1 Bxe2 10.Ngxe2 Nbd7 11.Bf4 Bb4 12.O-O O-O 13.Qd3 Rad8 14.Ne4 Nxe4 15.Qxe4
Nf6 16.Qe5 Qg6 17.c3 Bd6 18.Qa5 Qc2 19.Bxd6 Rxd6 20.Qa3 Rd5 21.Rfe1 Rb5 22.b3
a6 23.Qc1 Qxc1 24.Nxc1 Rd5 25.Nd3 a5 26.Ne5 Ra8 27.Nc4 Rdd8 28.Rac1 Nd5 29.Ne5
Kf8 30.g3 Nc7 31.Red1 Nb5 32.Nc4 Ra6 33.a4 Nc7 34.Ne5 Nd5 35.Nd3 Raa8 36.Kg2
Rac8 37.Kf3 Ke7 38.Ke2 b6 39.Ne5 f6 40.Nc4 c5 41.Ke1 Rc7 42.Rd3 cxd4 43.Rxd4
Rb8 44.Rd3 Rbc8 45.Kf1 Rc5 46.Re1 R8c7 47.Ra1 g5 48.Re1 h6 49.Kg2 Rd7 50.Kf3
h5 51.Red1 Rdc7 52.Ra1 Rc8 53.Re1 b5 54.axb5 Rxb5 55.Ra1 Rxb3 56.Nxa5 Rcxc3
57.Rxc3 Rxc3+ 58.Kg2 h4 59.Ra2 hxg3 60.fxg3 Ne3+ {#R} 0-1

[Event "4th Gligoric Cup 2017"]
[Site "Novi Banovci SRB"]
[Date "2017.05.27"]
[Round "4.3"]
[White "Velickovic,Sa"]
[Black "Ilincic,Aleksa"]
[Result "1-0"]
[WhiteElo "2303"]
[BlackElo "2169"]

1.e4 d5 2.exd5 Nf6 3.d4 Bg4 4.Be2 Bxe2 5.Qxe2 Qxd5 6.Nf3 e6 7.O-O Nc6 8.Re1
O-O-O 9.c3 Bd6 10.Be3 Qh5 11.Nbd2 Ng4 12.h3 Nxe3 13.Qxe3 Kb8 14.Nc4 h6 15.Qe2
Ka8 16.Rad1 Ne7 17.Nfe5 Qxe2 18.Rxe2 Rhf8 19.a4 Nd5 20.Rdd2 Nf6 21.Rd3 Nd7
22.Nxd7 Rxd7 23.Rf3 b6 24.h4 g6 25.h5 g5 26.Nxd6 Rxd6 27.Rf6 e5 28.dxe5 Re6
29.Re3 Kb7 30.g3 Kc6 31.Ref3 Kd5 32.Rxe6 Kxe6 33.Rf6+ Kxe5 34.Rxh6 f6 35.Rh7
Kd6 36.h6 a6 37.Rg7 Rh8 38.h7 c5 39.Kf1 Kd5 40.b3 b5 41.axb5 axb5 42.Ke2 b4
43.cxb4 cxb4 44.Kd3 Ke5 45.f3 Kd5 46.Rd7+ Ke6 47.Rb7 Kd5 48.Rg7 Ke5 49.Kc4 f5
50.Kxb4 g4 51.fxg4 fxg4 52.Kc4 Kf6 53.Rc7 Ke5 54.b4 Ke4 55.Rf7 Rc8+ 56.Kb3
{#r} 1-0

[Event "4th Gligoric Cup 2017"]
[Site "Novi Banovci SRB"]
[Date "2017.05.28"]
[Round "5.3"]
[White "Stanimirovic,M"]
[Black "Maksimovic,Br"]
[Result "1-0"]
[WhiteElo "2068"]
[BlackElo "2342"]

1.e4 d5 2.Nc3 dxe4 3.Nxe4 g6 4.Bc4 Bg7 5.Ng5 e6 6.h4 h6 7.Ne4 Nf6 8.Qe2 Nxe4
9.Qxe4 Qd4 10.Qxd4 Bxd4 11.Nf3 Bg7 12.d4 Nc6 13.Be3 Bd7 14.O-O-O O-O-O 15.Bf4
a6 16.Rhe1 Rhe8 17.c3 Re7 18.Bd3 Be8 19.Be4 b5 20.Re2 f6 21.Rde1 g5 22.hxg5
hxg5 23.Nxg5 fxg5 24.Bxg5 Rf7 25.Bxd8 Nxd8 26.Bg6 Rf8 27.Bxe8 Rxe8 28.Rh1 b4
29.Rh7 Bf6 30.Kc2 Kb7 31.Kd3 bxc3 32.bxc3 Kc6 33.Rh5 Rg8 34.g3 Rg5 35.Rxg5
Bxg5 36.f4 Be7 37.c4 Kd6 38.g4 Bf6 39.Ke4 Nc6 40.Rd2 Na5 41.c5+ Kc6 42.Rh2 Kd7
43.g5 Be7 44.g6 Bf6 45.g7 Bxg7 46.Rh7 {#r} 1-0

[Event "TCh-FRA Top 12 2017"]
[Site "Chartres FRA"]
[Date "2017.05.23"]
[Round "6.2"]
[White "Aflalo,S"]
[Black "Bollengier,Andreea"]
[Result "1-0"]
[WhiteElo "2135"]
[BlackElo "2234"]

1.e4 Nf6 2.Nc3 d5 3.exd5 Nxd5 4.Nf3 g6 5.Bc4 c6 6.d4 Bg7 7.O-O O-O 8.h3 Nxc3
9.bxc3 c5 10.Bg5 h6 11.Be3 cxd4 12.cxd4 Nc6 13.Qd2 Kh7 14.Rab1 b6 15.Rfd1 Bb7
16.Be2 Rc8 17.c4 Ba6 18.Rbc1 Na5 19.c5 Bxe2 20.Qxe2 bxc5 21.dxc5 Qc7 22.Nd4
Rfd8 23.Qf3 Kg8 24.Nb5 Rxd1+ 25.Rxd1 Qb8 26.a4 a6 27.Qg4 axb5 28.axb5 Nb7
29.Qb4 Qe5 30.b6 e6 31.Qb5 Bf8 32.Qd7 Rxc5 33.Qxb7 Rb5 34.Qa8 Ra5 35.b7 Rb5
36.Bxh6 Rxb7 37.Qxf8+ Kh7 38.Bc1 g5 39.Qd8 Rb1 40.Qd3+ Qf5 41.Qxf5+ exf5 42.g3
Kg6 43.Kg2 f4 44.Rd6+ Kf5 45.Bd2 fxg3 46.Kxg3 Rg1+ 47.Kf3 Ke5 48.Rh6 f5 49.Rg6
{#r} 1-0

[Event "Bodensee Open 2017"]
[Site "Bregenz AUT"]
[Date "2017.05.28"]
[Round "9.4"]
[White "Henrichs,T"]
[Black "Sergeev,Vl"]
[Result "1-0"]
[WhiteElo "2482"]
[BlackElo "2444"]

1.e4 Nf6 2.e5 Nd5 3.d4 d6 4.c4 Nb6 5.f4 dxe5 6.fxe5 c5 7.d5 g6 8.Nc3 Bg7 9.Bf4
O-O 10.h4 e6 11.d6 Nc6 12.Nf3 Nd7 13.h5 Ndxe5 14.Nxe5 Nxe5 15.Qd2 f5 16.O-O-O
Bd7 17.Nd5 exd5 18.Bxe5 d4 19.Bxg7 Kxg7 20.hxg6 hxg6 21.Qh6+ Kf6 22.Qh4+ Ke6
23.Re1+ Kxd6 24.Qf4+ Kc6 25.g4 Kb6 26.Rh3 a5 27.Rb3+ Ka6 28.Qd6+ Bc6 29.Qxc5
fxg4 30.Bg2 Rf5 31.Bd5 g3 32.Rxb7 Kxb7 33.Qxc6+ Ka7 34.Qb7# 1-0

[Event "4th Gligoric Cup 2017"]
[Site "Novi Banovci SRB"]
[Date "2017.05.26"]
[Round "2.1"]
[White "Savic,Miod1"]
[Black "Kovacevic,Dj"]
[Result "1-0"]
[WhiteElo "2512"]
[BlackElo "2113"]

1.e4 Nf6 2.e5 Nd5 3.d4 d6 4.c4 Nb6 5.exd6 cxd6 6.Be3 g6 7.Nf3 Bg7 8.Be2 Nc6
9.Nbd2 Bg4 10.Rc1 O-O 11.O-O d5 12.c5 Nc8 13.h3 Bxf3 14.Nxf3 e6 15.b4 a6
16.Qd2 N8e7 17.Bd3 Nf5 18.Bxf5 gxf5 19.a4 Qf6 20.Rfd1 Qg6 21.Bf4 Kh8 22.Re1
Rg8 23.g3 Bf6 24.Rcd1 h5 25.b5 axb5 26.axb5 Na5 27.Be5 Nc4 28.Bxf6+ Qxf6
29.Qf4 Ra3 30.Ra1 Kh7 31.Rxa3 Nxa3 32.b6 Nb5 33.Re3 h4 34.Rb3 Nxd4 35.Qxd4 Qe7
36.Nxh4 {#r} 1-0

[Event "10th KIIT Elite Open 2017"]
[Site "Bhubaneswar IND"]
[Date "2017.05.28"]
[Round "4.10"]
[White "Reefat,S"]
[Black "Aronyak,Ghosh"]
[Result "1-0"]
[WhiteElo "2437"]
[BlackElo "2191"]

1.e4 Nf6 2.e5 Nd5 3.d4 d6 4.Nf3 dxe5 5.Nxe5 c6 6.Bc4 g6 7.O-O Bg7 8.Nd2 O-O
9.Ndf3 Nd7 10.Nd3 N7b6 11.Bb3 Bg4 12.c3 e6 13.h3 Bxf3 14.Qxf3 Nd7 15.Re1 b5
16.a4 a6 17.Qg3 Qb8 18.Qh4 Rc8 19.Bh6 Bf6 20.Qg4 Qd6 21.h4 Bg7 22.Bg5 c5
23.dxc5 Nxc5 24.Nxc5 Rxc5 25.h5 bxa4 26.Bxa4 Rb8 27.h6 Bf6 28.Rad1 Qe7 29.b4
Bxg5 30.bxc5 Nxc3 31.Rd7 Qxc5 32.Rxf7 Rf8 33.Rxf8+ Kxf8 34.Qxe6 {#r} 1-0

[Event "14th Orlova Open 2017"]
[Site "Orlova CZE"]
[Date "2017.05.27"]
[Round "8.2"]
[White "Weinzettl,E"]
[Black "Kislinsky,A"]
[Result "0-1"]
[WhiteElo "2293"]
[BlackElo "2484"]

1.e4 Nf6 2.e5 Nd5 3.d4 d6 4.Nf3 g6 5.c4 Nb6 6.exd6 cxd6 7.Nc3 Bg7 8.Be3 O-O
9.Rc1 Bg4 10.Be2 Nc6 11.b3 d5 12.c5 Nc8 13.O-O e6 14.Ne1 Bxe2 15.Nxe2 N8e7
16.Nc2 Nf5 17.Ng3 Nxe3 18.fxe3 b6 19.Qe2 bxc5 20.Ne1 Rc8 21.dxc5 Bh6 22.Rd1
Ne5 23.b4 f5 24.Nc2 Qh4 25.Nd4 Ng4 26.Nf3 Qe7 27.Rd3 e5 28.Rxd5 e4 {#R} 0-1

[Event "Deltalift Open 2017"]
[Site "Tylosand SWE"]
[Date "2017.05.25"]
[Round "2.16"]
[White "Svorono,Gabriel"]
[Black "Gajic,Ml"]
[Result "1-0"]
[WhiteElo "2022"]
[BlackElo "2296"]

1.e4 Nf6 2.e5 Nd5 3.d4 d6 4.Nf3 dxe5 5.Nxe5 c6 6.Be2 Bf5 7.O-O Nd7 8.c4 Nb4
9.Nd3 Bxd3 10.Bxd3 Nxd3 11.Qxd3 e6 12.Nc3 Be7 13.d5 exd5 14.cxd5 Nf6 15.Rd1
Nxd5 16.Nxd5 Qxd5 17.Qxd5 cxd5 18.Rxd5 O-O 19.Rd7 Rfd8 20.Rxd8+ Rxd8 21.Be3 a6
22.Rc1 Bf6 23.b3 Bb2 24.Rb1 Be5 25.f4 Bd4 26.Kf2 f5 27.Rc1 Bxe3+ 28.Kxe3 Rd7
29.Rc2 Kf7 30.Kf3 Ke6 31.Re2+ Kf6 32.Rc2 h6 33.h4 Rd3+ 34.Ke2 Rd4 35.Ke3 Re4+
36.Kf3 g5 37.hxg5+ hxg5 38.fxg5+ Kxg5 39.Rc7 Rf4+ 40.Ke3 Rb4 41.Kf3 Kf6 42.Ke3
b6 43.Rc4 Rb5 44.Kf4 a5 45.Rc6+ Ke7 46.Rh6 Kf7 47.Kg5 Ke7 48.Rf6 Rc5 49.Rxf5
Rc2 50.g4 Rxa2 51.Rb5 Rb2 {#r} 1-0

[Event "26th Chicago Open 2017"]
[Site "Chicago USA"]
[Date "2017.05.28"]
[Round "7.32"]
[White "Titus,Andrew L"]
[Black "Colas,Joshua"]
[Result "0-1"]
[WhiteElo "2129"]
[BlackElo "2352"]
[EventType "swiss"]

1.e4 Nf6 2.e5 Nd5 3.d4 d6 4.Nf3 g6 5.Be2 Bg7 6.exd6 cxd6 7.O-O O-O 8.c4 Nb6
9.Nc3 Nc6 10.Be3 Bg4 11.b3 d5 12.c5 Nc8 13.h3 Bxf3 14.Bxf3 e6 15.Qd2 N8e7
16.Ne2 e5 17.g3 e4 18.Bg2 Nf5 19.b4 h5 20.h4 Kh7 21.Rac1 Re8 22.a3 a6 23.Rc3
Bf6 24.Bh3 Ng7 25.f4 Ne7 26.Kg2 Nef5 27.Ng1 Qe7 28.Bxf5 Nxf5 29.Nh3 Kg8 30.Ng5
Qd7 31.Rd1 a5 32.Rb1 axb4 33.Rxb4 Bd8 34.Rcb3 Ba5 35.Rxb7 Bxd2 36.Rxd7 Nxe3+
37.Kf2 Nf5 38.Rbb7 e3+ 39.Ke2 Nxg3+ 40.Kf3 e2 41.Rxf7 Rxa3+ 42.Kg2 Nf5 43.Nh7
Ra6 44.c6 Rxc6 45.Nf6+ Rxf6 46.Rxf6 Nxh4+ {#R} 0-1

[Event "4th Gligoric Cup 2017"]
[Site "Novi Banovci SRB"]
[Date "2017.05.27"]
[Round "3.3"]
[White "Maksimovic,Br"]
[Black "Kovacevic,Dj"]
[Result "1-0"]
[WhiteElo "2342"]
[BlackElo "2113"]

1.e4 Nf6 2.e5 Nd5 3.d4 d6 4.Nf3 Nc6 5.Be2 Bg4 6.O-O e6 7.c4 Nb6 8.exd6 cxd6
9.d5 exd5 10.cxd5 Bxf3 11.Bxf3 Ne5 12.Be4 Be7 13.f4 Ned7 14.Nc3 O-O 15.a4 a5
16.Bb1 h5 17.Nb5 Nc5 18.Nd4 g6 19.g4 Bf6 20.Ra3 hxg4 21.Rg3 Bxd4+ 22.Qxd4 Qh4
23.Qf2 Nbxa4 24.f5 Nd7 {#r} 1-0

[Event "TCh-FRA Top 12 2017"]
[Site "Chartres FRA"]
[Date "2017.05.28"]
[Round "11.6"]
[White "Bacrot,E"]
[Black "Coursaget,N"]
[Result "1-0"]
[WhiteElo "2696"]
[BlackElo "2311"]

1.e4 Nf6 2.e5 Nd5 3.d4 d6 4.Nf3 Bg4 5.Be2 c6 6.c4 Nb6 7.Ng5 Bxe2 8.Qxe2 dxe5
9.dxe5 h6 10.Nf3 e6 11.O-O N8d7 12.Nc3 Qc7 13.Rd1 a5 14.Be3 Bc5 15.Ne4 Be7
16.Rd3 O-O 17.Rad1 a4 18.h4 Ra6 19.Nd6 Bxd6 20.Rxd6 Rfa8 21.Qd2 Nf8 22.Bxh6
Nxc4 23.Qd4 b5 24.Bxg7 Kxg7 25.b3 axb3 26.axb3 Nb6 27.Qg4+ Kh8 28.Qh5+ Kg7
29.Qg5+ Kh8 30.Rd8 Rxd8 31.Rxd8 Ra1+ 32.Kh2 Nd7 33.Qe7 Qxd8 34.Qxd8 Rb1 35.Nd4
c5 36.Nxb5 Rxb3 37.Nd6 Kg7 38.Qg5+ Kh7 39.Qh5+ {#r} 1-0

[Event "TCh-FRA Top 12 2017"]
[Site "Chartres FRA"]
[Date "2017.05.24"]
[Round "7.5"]
[White "Shirazi,K"]
[Black "Marie,M"]
[Result "1-0"]
[WhiteElo "2367"]
[BlackElo "2177"]

1.Nf3 g6 2.d4 Bg7 3.e4 c6 4.Nc3 d5 5.h3 Nf6 6.Bd3 dxe4 7.Nxe4 Nbd7 8.O-O Nxe4
9.Bxe4 O-O 10.Qe2 e5 11.dxe5 Nxe5 12.Nxe5 Bxe5 13.Bxc6 Qf6 14.Bd5 Bf5 15.c3
Rad8 16.Qf3 Bb8 17.g3 Rxd5 18.Qxd5 Rd8 19.Qxb7 Be6 20.Re1 h5 21.h4 Qf5 22.Qe7
Rd3 23.Bh6 Bd6 24.Qg5 Qh3 25.Rxe6 Qxe6 26.Qd8+ Kh7 27.Bf4 Rd5 28.Bxd6 Rxd6
29.Qg5 Qe2 30.b3 Qb2 31.Qc1 Qe2 32.Qf4 Rd7 33.c4 Qc2 34.Kg2 f5 35.Qe3 a5
36.Qe8 Rg7 37.Qe1 a4 38.Qd1 Qe4+ 39.Qf3 Qc2 40.Qe3 Qb2 41.Rd1 Qxa2 42.Rd8 Qxb3
43.Qe8 Qb7+ 44.Kh2 Kh6 45.Qxa4 f4 46.gxf4 Qe7 47.Rh8+ Rh7 48.Rxh7+ Kxh7 49.Kg3
Qe6 50.Qa7+ Kh6 51.Qd4 Qg4+ 52.Kh2 Qxh4+ 53.Kg2 Qg4+ 54.Kf1 Kh7 55.c5 h4 56.c6
Qh3+ 57.Kg1 Qf3 58.Qd7+ Kh6 59.Qd4 Kh5 60.Qh8+ Kg4 61.c7 {#r} 1-0

[Event "TCh-FRA Top 12 2017"]
[Site "Chartres FRA"]
[Date "2017.05.26"]
[Round "9.4"]
[White "Touzane,O"]
[Black "Bachmann,Ax"]
[Result "0-1"]
[WhiteElo "2277"]
[BlackElo "2646"]

1.d4 g6 2.e4 Bg7 3.Nf3 d6 4.Bc4 a6 5.a4 b6 6.O-O e6 7.Qe2 Bb7 8.Bb3 Nf6 9.Nbd2
Nbd7 10.Rd1 Qe7 11.c3 O-O 12.Bc2 e5 13.Re1 Rfe8 14.Qc4 c5 15.dxe5 dxe5 16.Qb3
Reb8 17.Bd3 h6 18.Ra3 Ne8 19.h4 Nd6 20.c4 Bc6 21.Nf1 f5 22.exf5 gxf5 23.Bf4 e4
24.Ng3 Rf8 25.Bf1 Kh7 26.Nd2 Rab8 27.Nh5 Be5 28.Qh3 Rg8 29.Rg3 Rxg3 30.fxg3
Rg8 31.b3 Bd4+ 32.Kh1 Ne5 33.Be2 Be8 34.Qh2 Ng4 35.Bxg4 Rxg4 36.Bxd6 Qxd6
37.Nf4 Bf2 38.Nxe4 fxe4 39.Qh3 Bd7 {#R} 0-1

[Event "TCh-FRA Top 12 2017"]
[Site "Chartres FRA"]
[Date "2017.05.27"]
[Round "10.1"]
[White "Riff,JN"]
[Black "Le Borgne,P"]
[Result "1-0"]
[WhiteElo "2476"]
[BlackElo "2234"]

1.e4 g6 2.d4 Bg7 3.Nc3 c6 4.h3 d5 5.Nf3 Nf6 6.e5 Ne4 7.Nxe4 dxe4 8.Ng5 c5
9.dxc5 Qa5+ 10.c3 Qxc5 11.e6 f6 12.Qa4+ Nc6 13.Be3 Qa5 14.Qxa5 Nxa5 15.Bb5+
Nc6 16.Nxe4 Bxe6 17.O-O-O a6 18.Ba4 b5 19.Bb3 Bxb3 20.axb3 Kf7 21.Rd7 Rhd8
22.Rhd1 Rxd7 23.Rxd7 f5 24.Ng5+ Kg8 25.Rc7 Ne5 26.f4 Nd3+ 27.Kd2 Rd8 28.Ne6
Rd6 29.Rc8+ Kf7 30.Nd8+ Kf6 31.Bd4+ e5 32.fxe5+ Nxe5 33.Nc6 Kg5 34.Ke2 Nxc6
35.Bxg7 Na5 36.c4 Nxb3 37.c5 Rd2+ 38.Ke3 f4+ 39.Ke4 Rxg2 40.c6 Re2+ 41.Kd5 Re7
42.Be5 Rf7 43.Re8 f3 44.c7 Rd7+ 45.Kc6 Rxc7+ 46.Kxc7 Nc5 47.Bd4 Nd3 48.Rf8 f2
49.Be3+ Kh4 50.Bxf2+ Nxf2 51.Rxf2 h5 52.Rf3 {#r} 1-0

[Event "TCh-FRA Top 12 2017"]
[Site "Chartres FRA"]
[Date "2017.05.27"]
[Round "10.4"]
[White "Cornette,M"]
[Black "Shchekachev,A"]
[Result "1-0"]
[WhiteElo "2593"]
[BlackElo "2538"]

1.e4 g6 2.d4 Bg7 3.Nc3 d6 4.f4 a6 5.Nf3 b5 6.Bd3 Nd7 7.e5 c5 8.Be4 Rb8 9.O-O
cxd4 10.Nxd4 dxe5 11.Nc6 Qb6+ 12.Kh1 Ngf6 13.Nxb8 Qxb8 14.fxe5 Nxe5 15.Bf4
Nxe4 16.Nxe4 O-O 17.Qd4 Bf5 18.Ng3 Rd8 19.Qc5 Qc8 20.Qxe7 Be6 21.Ne4 Nd7
22.Rad1 Qa8 23.Qh4 Bf5 24.Ng5 h6 25.Nxf7 Kxf7 26.Bc7 Bf6 27.Rxf5 gxf5 28.Qh5+
Ke7 29.Qxf5 {#r} 1-0

[Event "36th Zalakaros Open 2017"]
[Site "Zalakaros HUN"]
[Date "2017.05.24"]
[Round "7.17"]
[White "Van Foreest,Lucas"]
[Black "Kreisl,R"]
[Result "1-0"]
[WhiteElo "2489"]
[BlackElo "2448"]

1.e4 g6 2.d4 Bg7 3.c4 e6 4.Nc3 Ne7 5.Nf3 d5 6.e5 Nbc6 7.Bg5 h6 8.Bf4 dxc4
9.Bxc4 g5 10.Be3 Nf5 11.h3 a6 12.O-O b6 13.Bd3 Nce7 14.Be4 Nd5 15.Qc2 Nfe7
16.Nxd5 exd5 17.Bd3 Be6 18.Rac1 c6 19.Nh2 f6 20.f4 gxf4 21.exf6 Bxf6 22.Bxf4
Bxd4+ 23.Kh1 Bg7 24.Rce1 Qd7 25.Qe2 Bf7 26.Ng4 Bh5 27.Bf5 Qb7 28.Bd6 Ra7
29.Bxe7 Qxe7 30.Qd2 Bxg4 31.Rxe7+ Rxe7 32.Bxg4 Rf8 33.Rc1 Be5 34.Qxh6 Rf6
35.Qh5+ Kd8 36.Re1 {#r} 1-0

[Event "36th Zalakaros Open 2017"]
[Site "Zalakaros HUN"]
[Date "2017.05.26"]
[Round "9.37"]
[White "Szabo,Marton Mihaly"]
[Black "Gara,A"]
[Result "0-1"]
[WhiteElo "2298"]
[BlackElo "2373"]

1.e4 g6 2.d4 Bg7 3.Nc3 d5 4.exd5 Nf6 5.Bb5+ Nbd7 6.Nf3 a6 7.Be2 Nb6 8.O-O O-O
9.h3 Nbxd5 10.Nxd5 Nxd5 11.c4 Nf6 12.Be3 c6 13.Qb3 Qc7 14.Rac1 Nh5 15.Rfd1 Nf4
16.Bf1 h6 17.Re1 g5 18.d5 Re8 19.Rcd1 Bf5 20.Bb6 Qc8 21.dxc6 bxc6 22.a4 e5
23.a5 c5 24.Qa3 e4 25.Nh2 Bf8 26.Qe3 Qc6 27.h4 Be7 28.hxg5 hxg5 29.g3 Nd3
30.Rxd3 exd3 31.Bg2 Qe6 32.Qd2 Qd6 33.Bxa8 Rxa8 34.Nf1 Kg7 35.Ne3 Be4 36.f3
Qxg3+ 37.Ng2 Qxf3 38.Re3 Qg4 39.Rxd3 Bxd3 40.Qxd3 Rh8 41.Qe3 Bd6 42.Bxc5 Qd1+
43.Kf2 Qc2+ 44.Kg1 Qb1+ 45.Kf2 Qf5+ {#R} 0-1

[Event "10th KIIT Elite Open 2017"]
[Site "Bhubaneswar IND"]
[Date "2017.05.29"]
[Round "6.1"]
[White "Das,Say"]
[Black "Rahman,Zia"]
[Result "0-1"]
[WhiteElo "2396"]
[BlackElo "2526"]

1.e4 g6 2.d4 Bg7 3.Nc3 c6 4.Be3 d5 5.e5 Qb6 6.Rb1 Nh6 7.f4 f6 8.Qd2 Ng4 9.Nf3
Nxe3 10.Qxe3 O-O 11.Bd3 Bg4 12.O-O Bxf3 13.Rxf3 fxe5 14.fxe5 Nd7 15.Rxf8+ Rxf8
16.Na4 Bh6 17.Qxh6 Qxd4+ 18.Kh1 Nxe5 19.Bxg6 Nxg6 20.Nc3 Qf2 21.h3 Qxc2 22.Qe3
e5 {#R} 0-1

[Event "10th KIIT Elite Open 2017"]
[Site "Bhubaneswar IND"]
[Date "2017.05.29"]
[Round "6.20"]
[White "Saravana,Kr"]
[Black "Hegde,R1"]
[Result "1-0"]
[WhiteElo "2345"]
[BlackElo "2165"]

1.e4 g6 2.d4 Bg7 3.Nc3 d6 4.Bg5 Nd7 5.Qd2 c5 6.Nf3 cxd4 7.Nxd4 a6 8.f3 Ne5
9.Be2 Bd7 10.f4 Nc6 11.Nb3 a5 12.a4 Rc8 13.O-O Nf6 14.Rad1 Be6 15.Kh1 O-O
16.Bb5 Nb4 17.Nd4 Bc4 18.Rfe1 Qb6 19.f5 Ng4 20.h3 Nf6 21.Be3 Qc7 22.Bh6 Bxh6
23.Qxh6 Qb6 24.Rd2 Bxb5 25.Ncxb5 Nc6 26.Nf3 Ne5 27.Ng5 Rc5 28.Rf1 Ned7 29.Rdf2
gxf5 30.Rf3 f4 31.Rxf4 Rxc2 32.Rg4 {#r} 1-0

[Event "Deltalift Open 2017"]
[Site "Tylosand SWE"]
[Date "2017.05.25"]
[Round "4.15"]
[White "Ziegler,A"]
[Black "Saren,Bjorn"]
[Result "1-0"]
[WhiteElo "2317"]
[BlackElo "2052"]

1.e4 g6 2.d4 Bg7 3.Nc3 d6 4.Be3 Nf6 5.Qd2 c6 6.Bh6 O-O 7.Bxg7 Kxg7 8.O-O-O Qc7
9.f3 b5 10.g4 b4 11.Nce2 a5 12.Ng3 e5 13.dxe5 dxe5 14.Nf5+ Bxf5 15.gxf5 c5
16.fxg6 fxg6 17.Nh3 h6 18.Rg1 Nc6 19.Qg2 Ne7 20.Bc4 Rad8 21.Nf2 Rd4 22.Rxd4
cxd4 23.b3 a4 24.Nd3 axb3 25.Bxb3 Nh5 26.Nxb4 Qc3 27.Nd5 Nf4 28.Nxc3 Nxg2
29.Ne2 Nh4 30.f4 exf4 31.Nxd4 Kh7 32.a4 f3 33.Rf1 f2 34.Kd2 Rf4 35.Kd3 g5
36.a5 Neg6 37.Ne6 Rf3+ 38.Kd4 Rf6 39.a6 Nf3+ 40.Ke3 Nxh2 41.Rxf2 Ng4+ 42.Kd4
Rxf2 43.a7 Rd2+ 44.Kc3 {#r} 1-0

[Event "Deltalift Open 2017"]
[Site "Tylosand SWE"]
[Date "2017.05.26"]
[Round "5.13"]
[White "Gajic,Ml"]
[Black "Nilsson,P2"]
[Result "1-0"]
[WhiteElo "2296"]
[BlackElo "2033"]

1.e4 g6 2.d4 Bg7 3.Nc3 d5 4.exd5 Nf6 5.Bb5+ Nbd7 6.Qf3 O-O 7.Bg5 Nb6 8.Bxf6
Bxf6 9.Nge2 Bd7 10.Bd3 c6 11.Be4 cxd5 12.Nxd5 Nxd5 13.Bxd5 Qa5+ 14.c3 Bb5
15.a4 Bxe2 16.Kxe2 Rfd8 17.Bxb7 Rab8 18.b4 Qc7 19.Bc6 Rd6 20.b5 Re6+ 21.Kf1
Bg5 22.g3 Rf6 23.Qd3 Bh6 24.Kg2 Bg7 25.Rhe1 Rd8 26.Qe4 Re6 27.Qf4 Red6 28.h4
h5 29.Re4 e6 30.Rae1 Kh7 31.Qf3 Kg8 32.g4 hxg4 33.Rxg4 Qe7 34.Qg3 e5 35.f4 Qc7
36.fxe5 {#r} 1-0